<?xml version="1.0" encoding="UTF-8"?>
<collection xmlns="http://www.loc.gov/MARC21/slim">
    <record>
        <controlfield tag="001">88123</controlfield>
        <controlfield tag="005">20200224103752.0</controlfield>
        <datafield tag="037" ind1=" " ind2=" ">
            <subfield code="a">TAZ-TFG-2019-1671</subfield>
        </datafield>
        <datafield tag="041" ind1=" " ind2=" ">
            <subfield code="a">spa</subfield>
        </datafield>
        <datafield tag="100" ind1="1" ind2=" ">
            <subfield code="a">Hormigón Gimeno, Nerea</subfield>
        </datafield>
        <datafield tag="242" ind1="0" ind2="0">
            <subfield code="a">Interests and attitudes toward Physical Education among Secondary Education students in IES Sierra de Guara (Huesca)</subfield>
        </datafield>
        <datafield tag="245" ind1="0" ind2="0">
            <subfield code="a">Intereses y actitudes hacia la Educación Física de alumnos de secundaria en IES Sierra de Guara (Huesca)</subfield>
        </datafield>
        <datafield tag="260" ind1=" " ind2=" ">
            <subfield code="a">Zaragoza</subfield>
            <subfield code="b">Universidad de Zaragoza</subfield>
            <subfield code="c">2019</subfield>
        </datafield>
        <datafield tag="506" ind1=" " ind2=" ">
            <subfield code="a">by-nc-sa</subfield>
            <subfield code="b">Creative Commons</subfield>
            <subfield code="c">3.0</subfield>
            <subfield code="u">http://creativecommons.org/licenses/by-nc-sa/3.0/</subfield>
        </datafield>
        <datafield tag="520" ind1=" " ind2=" ">
            <subfield code="a">El objetivo de este estudio fue conocer las actitudes e intereses que tienen los alumnos hacia la Educación Física, en dos cursos de Secundaria del IES Sierra de Guara, en Huesca. La muestra estuvo compuesta por 160 estudiantes de 2º y 4º de ESO, a los que se les administró el Cuestionario de Actitudes hacia la Educación Física (CAEF) elaborado por Moreno, Rodríguez y Gutiérrez (2003). Los resultados mostraron que las chicas tenían mejor valoración de la asignatura y del profesor que los chicos; el sexo del docente puede que influya en las actitudes de los alumnos hacia la Educación Física; los alumnos de 2º de ESO valoran más a la asignatura y al docente; los chicos de 4º de ESO son los que ven más útil la asignatura y los alumnos de 4º ven la Educación Física más complicada que los de 2º de ESO.&lt;br /></subfield>
        </datafield>
        <datafield tag="521" ind1=" " ind2=" ">
            <subfield code="a">Graduado en Ciencias de la Actividad Física y del Deporte</subfield>
        </datafield>
        <datafield tag="540" ind1=" " ind2=" ">
            <subfield code="a">Derechos regulados por licencia Creative Commons</subfield>
        </datafield>
        <datafield tag="700" ind1=" " ind2=" ">
            <subfield code="a">Rapún López, Marta</subfield>
            <subfield code="e">dir.</subfield>
        </datafield>
        <datafield tag="710" ind1="2" ind2=" ">
            <subfield code="a">Universidad de Zaragoza</subfield>
            <subfield code="b">Expresión Musical, Plástica y Corporal</subfield>
            <subfield code="c">Didáctica de la Expresión Corporal</subfield>
        </datafield>
        <datafield tag="856" ind1="0" ind2=" ">
            <subfield code="f">719127@celes.unizar.es</subfield>
        </datafield>
        <datafield tag="856" ind1="4" ind2=" ">
            <subfield code="s">715136</subfield>
            <subfield code="u">http://zaguan.unizar.es/record/88123/files/TAZ-TFG-2019-1671.pdf</subfield>
            <subfield code="y">Memoria (spa)</subfield>
        </datafield>
        <datafield tag="909" ind1="C" ind2="O">
            <subfield code="o">oai:zaguan.unizar.es:88123</subfield>
            <subfield code="p">driver</subfield>
            <subfield code="p">trabajos-fin-grado</subfield>
        </datafield>
        <datafield tag="950" ind1=" " ind2=" ">
            <subfield code="a"></subfield>
        </datafield>
        <datafield tag="951" ind1=" " ind2=" ">
            <subfield code="a">deposita:2020-02-24</subfield>
        </datafield>
        <datafield tag="980" ind1=" " ind2=" ">
            <subfield code="a">TAZ</subfield>
            <subfield code="b">TFG</subfield>
            <subfield code="c">FCSHUES</subfield>
        </datafield>
        <datafield tag="999" ind1=" " ind2=" ">
            <subfield code="a">20190621120909.CREATION_DATE</subfield>
        </datafield>
    </record>

    
</collection>